|
|
|
|
| LEADER |
02436nam a2200421 i 4500 |
| 001 |
nkc20233504932 |
| 003 |
CZ PrNK |
| 005 |
20230801130004.0 |
| 007 |
ta |
| 008 |
230307s2023 xr g 000 f cze |
| 015 |
|
|
|a cnb003504932
|
| 020 |
|
|
|a 978-80-277-1411-7
|q (vázáno)
|
| 035 |
|
|
|a (OCoLC)1396729304
|
| 040 |
|
|
|a ABG001
|b cze
|d ABA001
|e rda
|
| 072 |
|
7 |
|a 821.162.3-3
|x Česká próza
|2 Konspekt
|9 25
|
| 080 |
|
|
|a 821.162.3-31
|2 MRF
|
| 080 |
|
|
|a (0:82-312.4)
|2 MRF
|
| 100 |
1 |
|
|a Sládečková, Kristýna
|7 xx0244160
|4 aut
|
| 245 |
1 |
0 |
|a Smrková Tišina /
|c Kristýna Sládečková
|
| 264 |
|
1 |
|a Praha :
|b Dobrovský s.r.o.,
|c 2023
|
| 300 |
|
|
|a 268 stran ;
|c 21 cm
|
| 336 |
|
|
|a text
|b txt
|2 rdacontent
|
| 337 |
|
|
|a bez média
|b n
|2 rdamedia
|
| 338 |
|
|
|a svazek
|b nc
|2 rdacarrier
|
| 490 |
1 |
|
|a Vendeta
|
| 500 |
|
|
|a Obálkový podnázev: thriller
|
| 520 |
2 |
|
|a Napínavý thriller z Šumavy. Mezi zdejšími pamětníky se traduje jistá děsivá historka, která náhle jako by ožila. Stojí snad za zmizením jednoho studenta tajemný přízrak?
|b Šumavská nouzová nocoviště jsou posledních pár let lákavým místem pro výletníky ze všech koutů republiky. Možnost prohlédnout si krásy Šumavy bez nutnosti platit za ubytování naláká i partu studentů z Brna, kteří si chtějí užít krásné přírody a spaní v národním parku, manžele z Prahy, v jejichž vztahu to pořádně skřípe, či mladíka, který chce své milé ukázat svůj rodný kraj. V jednom z nouzových nocovišť se večer odehraje zajímavá zábava - vyprávění strašidelného příběhu o tajemných hvozdech Šumavy a jejich přízracích, jenž koluje mezi zdejšími pamětníky. Ráno se ukáže, že jeden ze studentů zmizel. Naplňuje se tím znepokojivý obsah lidové povídačky, nebo jde o zlý záměr někoho z masa a kostí? Tmavé lesy a neprostupné smrčiny v sobě ukrývají něco tajemného, co celý vandr promění v děsivý sen... Nakladatelská anotace.
|
| 655 |
|
7 |
|a české romány
|7 fd133974
|2 czenas
|
| 655 |
|
7 |
|a thrillery (romány)
|7 fd184206
|2 czenas
|
| 655 |
|
9 |
|a Czech fiction
|2 eczenas
|
| 655 |
|
9 |
|a thrillers (novels)
|2 eczenas
|
| 830 |
|
0 |
|a Vendeta
|0 s
|
| 910 |
2 |
|
|a BOA001
|b 2-1511.051
|
| 920 |
|
|
|a 4696191
|z ABG001
|
| 990 |
|
|
|a BK
|
| 995 |
|
|
|a 01
|
| 991 |
|
|
|b 202307
|c NOV
|
| 996 |
6 |
|
|b 2610943175
|c 2-1511.051
|l MZK
|r Sklad / do 1 hodiny
|n 0
|p p.v.
|w 001932248
|u 000010
|a 1
|e BOA001
|j MZK50
|s P
|